000 00302nam a22001337a 4500
008 180806b xxu||||| |||| 00| 0 eng d
082 _a813.52
245 _aMaternal Child Nursing Care
_cWilson,W.H
260 _c2006
300 _a2
_fCD
440 _x032303702-X
760 _b3rd
942 _2ddc
_cMX
999 _c46826
_d46826